Statistics for Click the Arctic Monkeys Song Title Ending

Click here to take the quiz!

General Stats

  • This quiz has been taken 114 times
  • The average score is 21 of 25

Answer Stats

HintAnswer% Correct
When The Sun GoesDown
98%
Why’d You Only Call Me When You’reHigh
97%
Do I WannaKnow
97%
Don’t Sit Down ’Cause I’ve Moved YourChair
96%
Snap Out OfIt
96%
FluorescentAdolescent
95%
D Is forDangerous
95%
Four Out OfFive
95%
R UMine
94%
I Wanna BeYours
94%
I Bet You Look Good on theDancefloor
93%
KneeSocks
92%
Suck It andSee
91%
Tranquility Base Hotel &Casino
88%
MardyBum
84%
TeddyPicker
81%
Red Light Indicates Doors AreSecured
80%
CryingLightning
76%
There'd Better Be aMirrorball
76%
Sculptures of AnythingGoes
72%
The World's First Ever Monster Truck FrontFlip
69%
Love Is aLaserquest
66%
The View from theAfternoon
65%
MyPropeller
65%
The Hellcat SpangledShalalala
63%

Score Distribution

Percentile by Number Answered

Percent of People with Each Score

Your Score History

You have not taken this quiz